Normal view
MARC view
Entry Personal Name
001 - CONTROL NUMBER
- control field: 80099
003 - CONTROL NUMBER IDENTIFIER
- control field: dpl
005 - DATE AND TIME OF LATEST TRANSACTION
- control field: 20250402120936.0
008 - FIXED-LENGTH DATA ELEMENTS
- fixed length control field: 250402|| aca||aabn | a|a d
040 ## - CATALOGING SOURCE
- Original cataloging agency: dpl
- Transcribing agency: dpl
100 ## - HEADING--PERSONAL NAME
- Dates associated with a name: John Falconer
670 ## - SOURCE DATA FOUND
- Source citation: Work cat.: (dpl)210645: Falconer,John 80098, Early Photography and Archaeology in Western India, 2022
